MathematicaR: computer programs for physical chemistry by William H Cropper (Record no. 1214776)

MARC details
000 -LEADER
fixed length control field 01129nam a2200301Ia 4500
003 - CONTROL NUMBER IDENTIFIER
control field OSt
005 - DATE AND TIME OF LATEST TRANSACTION
control field 20221007125144.0
008 - FIXED-LENGTH DATA ELEMENTS--GENERAL INFORMATION
fixed length control field 221006b |||||||| |||| 00| 0 eng d
020 ## - INTERNATIONAL STANDARD BOOK NUMBER
International Standard Book Number 0387983376 (pbk)
037 ## - SOURCE OF ACQUISITION
Terms of availability Textual
040 ## - CATALOGING SOURCE
Original cataloging agency CDL
Transcribing agency CDL
Language of cataloging eng
041 ## - LANGUAGE CODE
Source of code eng
Language code of text/sound track or separate title eng
100 ## - MAIN ENTRY--PERSONAL NAME
Personal name Cropper William H
9 (RLIN) 721632
245 #0 - TITLE STATEMENT
Title MathematicaR: computer programs for physical chemistry by William H Cropper
260 ## - PUBLICATION, DISTRIBUTION, ETC.
Place of publication, distribution, etc. New
Name of publisher, distributor, etc. York Springer-Verlag
Date of publication, distribution, etc. 1998
300 ## - PHYSICAL DESCRIPTION
Extent xi,246p+11 illus
Dimensions cm.
490 ## - SERIES STATEMENT
Volume/sequential designation Includes a CD-ROM
500 ## - GENERAL NOTE
General note Bibliographical references 237-239p; Index 241-246p; ^n23/CSL/Carc/98-99/6406^d1998-07-22^mPurchase; ; 98-99/128^b1998-08-12^cEBA/074/98-99^d1998-08-04^eEducational Book Agency (India); ; 1998-08-20^c1998-08-20^r1998-11-27
650 ## - SUBJECT ADDED ENTRY--TOPICAL TERM
Topical term or geographic name entry element Computer programs
9 (RLIN) 721633
650 ## - SUBJECT ADDED ENTRY--TOPICAL TERM
Topical term or geographic name entry element Physical chemistry
9 (RLIN) 192709
650 ## - SUBJECT ADDED ENTRY--TOPICAL TERM
Topical term or geographic name entry element Chemistry
942 ## - ADDED ENTRY ELEMENTS (KOHA)
Classification part E:2:(9S94M), N8
Koha item type Textual
Source of classification or shelving scheme Colon Classification (CC)
Holdings
Withdrawn status Lost status Source of classification or shelving scheme Damaged status Not for loan Home library Current library Date acquired Source of acquisition Serial Enumeration / chronology Total Checkouts Full call number Barcode Date last seen Price effective from Koha item type
    Colon Classification (CC)     Department of Chemistry Library Department of Chemistry Library 2022-10-07 Educational, Includes a CD-ROM   E:2:(9S94M) N8 CD0006304 2022-10-07 2022-10-07 Textual
Copyright @ Delhi University Library System